[Event "Rhein Main op 12th"]
[Site "Bad Homburg"]
[Date "2009.06.13"]
[Round "6"]
[White "Isserman, Ryhor"]
[Black "Lang, Thorsten"]
[Result "0-1"]
[WhiteElo "2266"]
[BlackElo "2340"]
[PlyCount "160"]
[EventDate "2009.06.10"]
[EventType "swiss"]
[EventRounds "7"]
[EventCountry "GER"]
[SourceTitle "CBM 131 Extra"]
[Source "ChessBase"]
[SourceDate "2009.09.03"]
[SourceVersion "2"]
[SourceVersionDate "2009.09.16"]
[SourceQuality "1"]

1. e4 g6 2. d4 Bg7 3. Nc3 d6 4. f4 a6 5. Nf3 b5 6. a3 Bb7 7. Bd3 Nd7 8. 0-0 c5 9. d5 c4 10. Be2 Qb6+ 11. Kh1 Ngf6 12. Ng5 h6 13. Nh3 0-0-0 14. Bf3 e6 15. dxe6 fxe6 16. e5 dxe5 17. Bxb7+ Qxb7 18. fxe5 Nxe5 19. Qe2 Nd5 20. Ne4 g5 21. Bd2 Rhe8 22. Ba5 Nc7 23. Rad1 Qc6 24. Rde1 Rf8 25. Bc3 Rxf1+ 26. Rxf1 Nd5 27. Bxe5 Bxe5 28. Nexg5 Bxb2 29. Nf7 Rf8 30. Nxh6 Rxf1+ 31. Qxf1 Bxa3 32. Qf3 Bb2 33. Ng5 Kb7 34. Nhf7 Kb6 35. h4 Nc7 36. Ne4 Qd5 37. c3 Bc1 38. h5 a5 39. h6 Bxh6 40. Nxh6 b4 41. Ng8 Kb5 42. Ngf6 Qc6 43. cxb4 axb4 44. Ng4 Qd5 45. Ngf2 Qd4 46. g4 b3 47. Nc3+ Kb4 48. Nfd1 Qh8+ 49. Kg2 Nd5 50. Nxd5+ exd5 51. Qxd5 Qc8 52. Qd4 Ka3 53. Qa1+ Kb4 54. Qd4 Ka3 55. Qa7+ Kb4 56. Qb6+ Ka4 57. Nc3+ Ka3 58. Qa5+ Kb2 59. Na4+ Kb1 60. Qe1+ Ka2 61. Nc3+ Ka3 62. Nb5+ Ka4 63. Nc3+ Ka3 64. Qe4 b2 65. g5 Kb3 66. Ne2 c3 67. Nd4+ Ka2 68. Qd5+ Kb1 69. Nb5 Qg4+ 70. Kf2 Qf4+ 71. Ke2 Qh2+ 72. Ke3 Qg1+ 73. Ke2 Qh2+ 74. Ke3 Qh3+ 75. Ke2 c2 76. Qe4 Qh2+ 77. Ke1 Qg1+ 78. Ke2 Qd1+ 79. Kf2 Qd2+ 80. Kg3 Qxg5+ 0-1